000 00681nam a2200253Ia 4500
003 OSt
005 20220923214420.0
006 a|||||r|||| 00| 0
007 ta
008 220922b |||||||| |||| 00| 0 hin d
024 _a169,437
037 _cTextual
040 _aARTS
_cARTS
_bhin
041 _2hin
_ahin
082 _aO152,3M90x, K6
100 _aगुरूदत
245 0 _aबिखरे चित्र
246 _aBikhare chitra
250 _aसंस्क0 2
260 _c1966
650 _aहिन्दी साहित्य
_9156264
942 _hO152,3M90x, K6
_cTEXL
_2CC
999 _c323858
_d323858